000
00286nam a22001337a 4500
008
170802b xxu||||| |||| 00| 0 eng d
020
_a
9780672303197
041
_a
eng
080
_a
004
100
_a
32
101
_a
SHKI
245
_a
NEW C PRIMER PLUS
_c
WAITE, M
942
_2
udc
_c
BK
999
_c
22470
_d
22470